[Event "SVK-chT2C 2223"]
[Site "Slovakia"]
[Date "2022.11.12"]
[Round "3.2"]
[White "Slivka, David"]
[Black "Durnik, Stefan"]
[Result "0-1"]
[WhiteElo "1974"]
[BlackElo "2086"]
[PlyCount "78"]
[EventDate "2022.10.08"]
[EventType "team-tourn"]
[EventRounds "11"]
[EventCountry "SVK"]
[SourceTitle "EXT 2024"]
[Source "ChessBase"]
[SourceDate "2023.10.10"]
[SourceVersion "1"]
[SourceVersionDate "2023.10.10"]
[SourceQuality "1"]
[WhiteTeam "Cadca Caissa II"]
[BlackTeam "Martin Medea"]
[WhiteTeamCountry "SVK"]
[BlackTeamCountry "SVK"]

1. d4 c6 2. c4 f5 3. Nc3 Nf6 4. Nf3 d6 5. h3 Nbd7 6. Bf4 g6 7. e3 Bg7 8. Be2 0-0 9. 0-0 Qe8 10. Qc2 e5 11. dxe5 dxe5 12. Bh2 Qe7 13. Rad1 Ne8 14. Rfe1 a5 15. a3 Nc5 16. b4 Na6 17. c5 axb4 18. axb4 Kh8 19. Qb3 Be6 20. Bc4 Bxc4 21. Qxc4 Nec7 22. Rd2 Rad8 23. Red1 Rxd2 24. Rxd2 Ne8 25. Na4 h6 26. Nb6 Nb8 27. Qc3 f4 28. e4 Rg8 29. Qd3 g5 30. Kh1 Nf6 31. h4 Ng4 32. hxg5 hxg5 33. Qd6 Bf6 34. Nc4 Na6 35. Qxe7 Bxe7 36. Rd7 Re8 37. Nfxe5 Nxe5 38. Nxe5 Bf6 39. Nf3 Nxb4 0-1

[Event "SVK-chT2C 2122"]
[Site "Slovakia"]
[Date "2022.02.05"]
[Round "3.1"]
[White "Durnik, Stefan"]
[Black "Hrnciar, Roman"]
[Result "1-0"]
[WhiteElo "2097"]
[BlackElo "2009"]
[PlyCount "103"]
[EventDate "2021.10.16"]
[EventType "team-tourn"]
[EventRounds "11"]
[EventCountry "SVK"]
[SourceTitle "EXT 2023"]
[Source "ChessBase"]
[SourceDate "2022.10.05"]
[SourceVersion "1"]
[SourceVersionDate "2022.10.05"]
[SourceQuality "1"]
[WhiteTeam "Martin Medea"]
[BlackTeam "Bziny"]
[WhiteTeamCountry "SVK"]
[BlackTeamCountry "SVK"]

1. e4 c5 2. Nf3 d6 3. d4 cxd4 4. Qxd4 Nc6 5. Bb5 Bd7 6. Bxc6 bxc6 7. c4 Nf6 8. Nc3 g6 9. 0-0 Bg7 10. Bg5 Qb6 11. Qd2 Rb8 12. b3 h6 13. Be3 Qa5 14. Rac1 Ng4 15. Bf4 g5 16. Bg3 Ne5 17. Nxe5 Bxe5 18. Bxe5 Qxe5 19. Qe3 c5 20. Nd5 e6 21. Nc3 Bc6 22. Rfd1 0-0 23. Qg3 Qxg3 24. hxg3 Rfd8 25. f3 a5 26. Rb1 Rb6 27. a4 Rb7 28. Rd3 Rbd7 29. Rbd1 Kg7 30. Kf2 Kg6 31. Ke3 Bb7 32. g4 Bc6 33. R3d2 Rb7 34. Nb5 d5 35. exd5 exd5 36. cxd5 Bxb5 37. axb5 Rxb5 38. Rd3 Rd6 39. Rc1 Kf6 40. g3 Ke7 41. Ke4 Rdb6 42. Rcc3 Rb4+ 43. Ke5 f6+ 44. Kf5 Kd6 45. Kxf6 Rd4 46. Kg6 Kxd5+ 47. Kf5 a4 48. bxa4 Ra6 49. Re3 Kc6 50. Re6+ Rd6 51. Re5 Ra5 52. Rc4 1-0

[Event "SVK-chT2C 2122"]
[Site "Slovakia"]
[Date "2021.10.16"]
[Round "1.1"]
[White "Durnik, Stefan"]
[Black "Kantorik, Marian"]
[Result "1/2-1/2"]
[WhiteElo "2108"]
[BlackElo "2205"]
[PlyCount "31"]
[EventDate "2021.10.16"]
[EventType "team-tourn"]
[EventRounds "11"]
[EventCountry "SVK"]
[SourceTitle "EXT 2023"]
[Source "ChessBase"]
[SourceDate "2022.10.05"]
[SourceVersion "1"]
[SourceVersionDate "2022.10.05"]
[SourceQuality "1"]
[WhiteTeam "Martin Medea"]
[BlackTeam "Zilina Mladost III"]
[WhiteTeamCountry "SVK"]
[BlackTeamCountry "SVK"]

1. f4 d5 2. Nf3 c6 3. d3 Qc7 4. e4 Bg4 5. Be2 Nd7 6. e5 e6 7. 0-0 Nh6 8. Be3 Nf5 9. Bf2 h5 10. c3 Be7 11. d4 0-0-0 12. b4 Kb8 13. a4 h4 14. Nbd2 Rc8 15. Nb3 h3 16. g3 1/2-1/2

[Event "SVK-chT2C 0910"]
[Site "Slovakia"]
[Date "2010.02.28"]
[Round "11.3"]
[White "Matejov, Jaroslav"]
[Black "Durnik, Stefan"]
[Result "1/2-1/2"]
[WhiteElo "2215"]
[BlackElo "2085"]
[PlyCount "115"]
[EventDate "2009.10.10"]
[EventType "team-tourn"]
[EventRounds "11"]
[EventCountry "SVK"]
[SourceTitle "EXT 2011"]
[Source "ChessBase"]
[SourceDate "2010.11.26"]
[SourceVersion "1"]
[SourceVersionDate "2010.11.26"]
[SourceQuality "1"]
[WhiteTeam "Zilina DMS"]
[BlackTeam "Martin Medea"]
[WhiteTeamCountry "SVK"]
[BlackTeamCountry "SVK"]

1. c4 f5 2. d4 d6 3. Nf3 c6 4. Nc3 Nf6 5. Bg5 Nbd7 6. Qc2 g6 7. e4 fxe4 8. Nxe4 Bg7 9. Bd3 0-0 10. 0-0-0 Qa5 11. Kb1 Nxe4 12. Bxe4 Nf6 13. Bxf6 exf6 14. h4 Bg4 15. d5 f5 16. Bd3 cxd5 17. cxd5 Bxf3 18. gxf3 Rfc8 19. Qb3 Qb6 20. Qxb6 axb6 21. h5 Kf7 22. f4 Re8 23. hxg6+ hxg6 24. Rhg1 Bh6 25. Rh1 Rh8 26. Rh4 Bg7 27. Rdh1 Rxh4 28. Rxh4 Rh8 29. Rxh8 Bxh8 30. Kc2 Bd4 31. b4 Bxf2 32. Kd2 Kf6 33. Ke2 Bd4 34. Kf3 Bc3 35. b5 Bd2 36. a4 g5 37. fxg5+ Bxg5 38. Bc2 Ke5 39. Bb1 Bc1 40. Bc2 f4 41. Bb3 Kd4 42. Ba2 Kc3 43. Ke4 Kb4 44. Bb1 Kxa4 45. Bd3 Kb4 46. Bf1 Kc5 47. Be2 f3 48. Kxf3 Kxd5 49. Bd3 Kd4 50. Ke2 Bh6 51. Bg6 Kc3 52. Be4 Kb4 53. Bd3 d5 54. Kd1 Kc3 55. Ke2 d4 56. Be4 Bg5 57. Bxb7 d3+ 58. Kd1 1/2-1/2

[Event "SVK-chT2C 0809"]
[Site "Slovakia"]
[Date "2009.01.31"]
[Round "8.5"]
[White "Lednicky, Martin"]
[Black "Durnik, Stefan"]
[Result "0-1"]
[WhiteElo "2210"]
[BlackElo "2091"]
[PlyCount "108"]
[EventDate "2008.10.11"]
[EventType "team-tourn"]
[EventRounds "11"]
[EventCountry "SVK"]
[SourceTitle "EXT 2010"]
[Source "ChessBase"]
[SourceDate "2010.11.25"]
[SourceVersion "1"]
[SourceVersionDate "2010.11.25"]
[SourceQuality "1"]
[WhiteTeam "Zilina Mladost II"]
[BlackTeam "Martin Medea"]
[WhiteTeamCountry "SVK"]
[BlackTeamCountry "SVK"]

1. e4 c6 2. d4 d5 3. exd5 cxd5 4. Bd3 Nc6 5. c3 Nf6 6. h3 e5 7. dxe5 Nxe5 8. Qe2 Qe7 9. Bb5+ Bd7 10. Be3 0-0-0 11. Bxd7+ Qxd7 12. Nd2 Qf5 13. Ngf3 Nd3+ 14. Kf1 Ne4 15. Nb3 Nf4 16. Qb5 Bd6 17. Bxa7 Bc7 18. Rc1 Nd6 19. Nbd4 Nxb5 20. Nxf5 Nxa7 21. g3 Ne6 22. Kg2 Nc6 23. Rhe1 Rhe8 24. b4 f6 25. a3 Kb8 26. Rc2 Ne5 27. Nh2 g6 28. Nh6 d4 29. cxd4 Nxd4 30. Rd2 Nb5 31. Rde2 Nd4 32. Rd2 Nec6 33. Rb1 Nb5 34. Rxd8+ Rxd8 35. N2g4 f5 36. Nf6 Nxa3 37. Rb3 Nb5 38. Nf7 Rd2 39. Nxh7 Bb6 40. Nf8 Rxf2+ 41. Kh1 Nbd4 42. Nd7+ Kc7 43. Nxb6 Nxb3 44. Nd5+ Kd7 45. Kg1 Rd2 46. Nf4 Nbd4 47. Nxg6 Ke6 48. Nh6 Kf6 49. Nh4 Nxb4 50. g4 f4 51. N6f5 Nxf5 52. gxf5 Nd3 53. Nf3 Rd1+ 54. Kh2 Kxf5 0-1

[Event "SVK-chT2C 0809"]
[Site "Slovakia"]
[Date "2008.11.09"]
[Round "4.4"]
[White "Durnik, Stefan"]
[Black "Banduka, Zeljko"]
[Result "0-1"]
[WhiteElo "2091"]
[BlackElo "2203"]
[PlyCount "86"]
[EventDate "2008.10.11"]
[EventType "team-tourn"]
[EventRounds "11"]
[EventCountry "SVK"]
[SourceTitle "EXT 2010"]
[Source "ChessBase"]
[SourceDate "2010.11.25"]
[SourceVersion "1"]
[SourceVersionDate "2010.11.25"]
[SourceQuality "1"]
[WhiteTeam "Martin Medea"]
[BlackTeam "Banska Bystrica CVC"]
[WhiteTeamCountry "SVK"]
[BlackTeamCountry "SVK"]

1. e4 c5 2. Nf3 d6 3. d4 cxd4 4. Qxd4 Nc6 5. Bb5 Bd7 6. Bxc6 Bxc6 7. Nc3 Nf6 8. Bg5 e6 9. 0-0-0 Be7 10. Rhe1 0-0 11. Kb1 Re8 12. Qd2 h6 13. Bf4 e5 14. Bxh6 gxh6 15. Qxh6 Bf8 16. Qh4 Nh7 17. Qg3+ Kh8 18. h4 Bh6 19. Rh1 Rg8 20. Nxe5 Qe8 21. Ng4 Bxe4 22. f3 Bf5 23. Qxd6 Bg7 24. Rhe1 Qf8 25. Ne5 Re8 26. Qc7 Be6 27. a3 Rc8 28. Qxb7 Qc5 29. Qb4 Bxe5 30. Qxc5 Rxc5 31. Ne4 Rb5 32. b3 Rxg2 33. a4 Rb8 34. Nc5 Bg3 35. Rh1 Bf5 36. Ne4 Bf4 37. Rd5 Be6 38. Ra5 Rc8 39. c4 Rb8 40. Rb5 Rxb5 41. axb5 Bf5 42. c5 Nf6 43. Re1 Bd2 0-1

[Event "SVK-chT2C 0809"]
[Site "Slovakia"]
[Date "2008.11.08"]
[Round "3.3"]
[White "Szamos, Alexander"]
[Black "Durnik, Stefan"]
[Result "0-1"]
[WhiteElo "2207"]
[BlackElo "2091"]
[PlyCount "100"]
[EventDate "2008.10.11"]
[EventType "team-tourn"]
[EventRounds "11"]
[EventCountry "SVK"]
[SourceTitle "EXT 2010"]
[Source "ChessBase"]
[SourceDate "2010.11.25"]
[SourceVersion "1"]
[SourceVersionDate "2010.11.25"]
[SourceQuality "1"]
[WhiteTeam "Zvolen Slavia"]
[BlackTeam "Martin Medea"]
[WhiteTeamCountry "SVK"]
[BlackTeamCountry "SVK"]

1. c4 f5 2. Nc3 Nf6 3. g3 d6 4. d4 c6 5. Bg2 Qc7 6. Bg5 Nbd7 7. d5 c5 8. Nf3 g6 9. 0-0 Bg7 10. Qc2 0-0 11. Rae1 a6 12. a4 Rb8 13. b3 Qd8 14. e4 h6 15. Bd2 fxe4 16. Nxe4 Ng4 17. Nh4 g5 18. Ng6 Rf7 19. Bc3 Nde5 20. Nxe5 Nxe5 21. Nxc5 Bf5 22. Ne4 b5 23. axb5 axb5 24. Qe2 bxc4 25. bxc4 Qc8 26. Rc1 Qa6 27. Rfe1 Rc8 28. Bxe5 Bxe5 29. c5 Qa7 30. cxd6 exd6 31. Rxc8+ Bxc8 32. Kh1 Kg7 33. Rc1 Ba6 34. Qc2 Bb7 35. Rd1 Qa8 36. Qd2 Qf8 37. Bh3 Rc7 38. Kg2 Rc4 39. Qe2 Rb4 40. Be6 Qe7 41. Kg1 Rxe4 42. Qxe4 Qxe6 43. Qc4 Qf7 44. Kg2 Kg6 45. Rd3 h5 46. h3 Bg7 47. f4 gxf4 48. gxf4 h4 49. Ra3 Qf5 50. Qc7 Bxd5+ 0-1

[Event "SVK-chT2C 0809"]
[Site "Slovakia"]
[Date "2008.10.12"]
[Round "2.6"]
[White "Jurcik, Marian"]
[Black "Durnik, Stefan"]
[Result "1-0"]
[WhiteElo "2435"]
[BlackElo "2091"]
[PlyCount "129"]
[EventDate "2008.10.11"]
[EventType "team-tourn"]
[EventRounds "11"]
[EventCountry "SVK"]
[SourceTitle "EXT 2010"]
[Source "ChessBase"]
[SourceDate "2010.11.25"]
[SourceVersion "1"]
[SourceVersionDate "2010.11.25"]
[SourceQuality "1"]
[WhiteTeam "Cadca Caissa"]
[BlackTeam "Martin Medea"]
[WhiteTeamCountry "SVK"]
[BlackTeamCountry "SVK"]

1. d4 c6 2. c4 f5 3. Nc3 Nf6 4. Bg5 d6 5. Bxf6 exf6 6. e3 g6 7. Bd3 Bg7 8. h4 Be6 9. Nge2 Nd7 10. h5 Bf7 11. Qc2 Nb6 12. b3 a5 13. a4 Qe7 14. hxg6 hxg6 15. Rxh8+ Bxh8 16. g4 d5 17. c5 Nd7 18. gxf5 g5 19. Na2 Qd8 20. b4 axb4 21. Nxb4 Qa5 22. Qc3 Bg7 23. Nc2 Qc7 24. a5 Nb8 25. Ng3 Bf8 26. Qb4 Be7 27. Rb1 Bd8 28. Qxb7 Qxb7 29. Rxb7 Bxa5+ 30. Ke2 Nd7 31. Nb4 Rb8 32. Rxb8+ Nxb8 33. Nc2 Kd8 34. Kf3 Kc8 35. Kg4 Kd7 36. f3 Ke7 37. e4 Bc7 38. Ne2 Bh2 39. Nb4 Bc7 40. exd5 cxd5 41. Nc3 Bh2 42. Nbxd5+ Bxd5 43. Nxd5+ Kf7 44. Bb5 Bg1 45. c6 Nxc6 46. Bxc6 Bxd4 47. Bd7 Be5 48. Be6+ Kg7 49. Kh5 Bd6 50. Nc3 Bc7 51. Ne4 Be5 52. Bd5 Bd4 53. Nd6 Be5 54. Ne8+ Kf8 55. Bc6 Kf7 56. Kh6 Bc3 57. Nd6+ Ke7 58. Ne4 Be5 59. Nf2 Bd4 60. Ng4 Kf7 61. Bd5+ Ke7 62. Kg6 Ba1 63. Bb3 Bd4 64. Nh6 Kf8 65. Ng8 1-0

[Event "SVK-chT1E 0708"]
[Site "Slovakia"]
[Date "2008.03.23"]
[Round "11.1"]
[White "Hrnciar, Roman"]
[Black "Durnik, Stefan"]
[Result "1/2-1/2"]
[WhiteElo "2075"]
[BlackElo "2097"]
[PlyCount "40"]
[EventDate "2007.10.13"]
[EventType "team-swiss"]
[EventRounds "11"]
[EventCountry "SVK"]
[SourceTitle "EXT 2009"]
[Source "ChessBase"]
[SourceDate "2008.11.26"]
[SourceVersion "1"]
[SourceVersionDate "2008.11.26"]
[SourceQuality "1"]
[WhiteTeam "Liptov SK II"]
[BlackTeam "Martin MSK"]
[WhiteTeamCountry "SVK"]
[BlackTeamCountry "SVK"]

1. f4 d5 2. e3 Nf6 3. Nf3 Bf5 4. b3 g6 5. Bb2 Bg7 6. Be2 0-0 7. 0-0 c5 8. Ne5 h5 9. d3 Nbd7 10. Nd2 Nxe5 11. Bxe5 Ng4 12. Bxg4 Bxg4 13. Nf3 Qb6 14. Bxg7 Kxg7 15. Qd2 Rae8 16. Ne5 Bc8 17. e4 f6 18. Nf3 dxe4 19. dxe4 Qb4 20. Qxb4 cxb4 1/2-1/2

[Event "SVK-chT2C 0607"]
[Site "Slovakia"]
[Date "2006.12.16"]
[Round "5.1"]
[White "Knaperek, Jozef"]
[Black "Durnik, Stefan"]
[Result "1-0"]
[WhiteElo "2038"]
[BlackElo "2118"]
[PlyCount "55"]
[EventDate "2006.10.14"]
[EventType "team-tourn"]
[EventRounds "11"]
[EventCountry "SVK"]
[SourceTitle "EXT 2008"]
[Source "ChessBase"]
[SourceDate "2007.11.25"]
[SourceVersion "1"]
[SourceVersionDate "2007.11.25"]
[SourceQuality "1"]
[WhiteTeam "Dolny Kubin"]
[BlackTeam "Martin MSK"]
[WhiteTeamCountry "SVK"]
[BlackTeamCountry "SVK"]

1. f4 c6 2. e3 d5 3. Nf3 Bg4 4. d4 Nf6 5. Bd3 e6 6. 0-0 c5 7. c3 Nc6 8. Nbd2 Bd6 9. Qa4 0-0 10. Ne5 c4 11. Bb1 Ne7 12. e4 dxe4 13. Nxe4 Bxe5 14. fxe5 Nxe4 15. Bxe4 Qc7 16. Bg5 Rfe8 17. Qc2 Bf5 18. Rf3 h6 19. Bh4 Bxe4 20. Qxe4 Nf5 21. Bf2 h5 22. Rh3 g6 23. g4 hxg4 24. Qxg4 Qe7 25. Be1 Kg7 26. Bd2 f6 27. Bf4 Rg8 28. exf6+ 1-0

[Event "SVK-chT2C 0607"]
[Site "Slovakia"]
[Date "2006.11.25"]
[Round "3.1"]
[White "Durnik, Stefan"]
[Black "Svrcek, Martin"]
[Result "1-0"]
[WhiteElo "2118"]
[BlackElo "2074"]
[PlyCount "86"]
[EventDate "2006.10.14"]
[EventType "team-tourn"]
[EventRounds "11"]
[EventCountry "SVK"]
[SourceTitle "EXT 2008"]
[Source "ChessBase"]
[SourceDate "2007.11.25"]
[SourceVersion "1"]
[SourceVersionDate "2007.11.25"]
[SourceQuality "1"]
[WhiteTeam "Martin MSK"]
[BlackTeam "Zilina Central"]
[WhiteTeamCountry "SVK"]
[BlackTeamCountry "SVK"]

1. e4 e6 2. d4 d5 3. Nd2 dxe4 4. Nxe4 Nf6 5. Ng5 h6 6. N5f3 c5 7. c3 Nc6 8. Bb5 Bd7 9. Ne2 Qb6 10. Ba4 Be7 11. 0-0 0-0 12. dxc5 Bxc5 13. Ng3 Rfd8 14. Qe2 Qc7 15. Bc2 Ne7 16. Ne4 Ned5 17. Nxc5 Qxc5 18. Ne5 Be8 19. Re1 Rac8 20. Qf3 Nd7 21. Ng4 Qf8 22. c4 N5f6 23. Nxf6+ Nxf6 24. Qxb7 Rxc4 25. Bb3 Rd7 26. Qf3 Rh4 27. g3 Rh5 28. Bf4 Qe7 29. Rac1 Kh7 30. Be5 Rxe5 31. Rxe5 Rc7 32. Ree1 Qd6 33. Rxc7 Qxc7 34. Qe3 a5 35. Rc1 Qb7 36. Qd4 a4 37. Bxa4 Bxa4 38. Qxa4 Qxb2 39. Qc2+ Qxc2 40. Rxc2 Nd5 41. a4 Kg6 42. a5 Kf6 43. a6 Ke7 1-0

[Event "SVK-chT2C 0506"]
[Site "Slovakia"]
[Date "2006.03.12"]
[Round "11.1"]
[White "Durnik, Stefan"]
[Black "Vyparina, Matej"]
[Result "1/2-1/2"]
[WhiteElo "2076"]
[BlackElo "2212"]
[PlyCount "124"]
[EventDate "2005.10.22"]
[EventType "team-tourn"]
[EventRounds "11"]
[EventCountry "SVK"]
[SourceTitle "EXT 2009"]
[Source "ChessBase"]
[SourceDate "2008.11.26"]
[SourceVersion "1"]
[SourceVersionDate "2008.11.26"]
[SourceQuality "1"]

1. e4 c5 2. Nf3 e6 3. d4 cxd4 4. Nxd4 Nf6 5. Bd3 Nc6 6. Nxc6 dxc6 7. 0-0 e5 8. Nd2 Qc7 9. Nc4 Be6 10. Qe2 Bc5 11. Kh1 b5 12. Ne3 0-0 13. Qf3 Rfe8 14. Nf5 Bxf5 15. Qxf5 Qd7 16. Qf3 Qg4 17. Qxg4 Nxg4 18. Kg1 Re6 19. Bg5 h6 20. Bh4 g5 21. Bg3 Nf6 22. a4 b4 23. Rad1 Bd4 24. b3 Kg7 25. Kh1 Rd8 26. f3 Red6 27. Be1 a5 28. g4 Nd7 29. Kg2 Nc5 30. Be2 Ne6 31. Bg3 f6 32. Rd3 Kf8 33. Rfd1 Ke7 34. Kf1 Kd7 35. R3d2 Kc7 36. Bc4 Nf8 37. Ke2 Kb6 38. h4 Nd7 39. Rh1 Kc7 40. hxg5 fxg5 41. Rdd1 Rh8 42. Rh3 Bc3 43. Rxd6 Kxd6 44. Rh1 Bd4 45. Be1 Ke7 46. Bd2 Kf6 47. Kd3 Nc5+ 48. Ke2 Kg6 49. Rh5 Rd8 50. Bc1 Rd6 51. Bd2 Nd7 52. Rh2 Kg7 53. Rh1 Kg6 54. Ba6 Nb6 55. Bd3 Rd7 56. Ba6 Ra7 57. Bd3 Rc7 58. Ba6 Kg7 59. Rc1 Bb2 60. Rb1 Bd4 61. Rc1 Bb2 62. Rb1 Bd4 1/2-1/2

[Event "SVK-chT2C 0506"]
[Site "Slovakia"]
[Date "2006.03.11"]
[Round "10.1"]
[White "Kostelny, Jozef"]
[Black "Durnik, Stefan"]
[Result "1-0"]
[WhiteElo "2178"]
[BlackElo "2076"]
[PlyCount "51"]
[EventDate "2005.10.22"]
[EventType "team-tourn"]
[EventRounds "11"]
[EventCountry "SVK"]
[SourceTitle "EXT 2009"]
[Source "ChessBase"]
[SourceDate "2008.11.26"]
[SourceVersion "1"]
[SourceVersionDate "2008.11.26"]
[SourceQuality "1"]

1. d4 c6 2. c4 f5 3. d5 Nf6 4. Nc3 g6 5. g3 Bg7 6. Bg2 0-0 7. Nf3 d6 8. 0-0 e5 9. b4 a5 10. dxc6 axb4 11. cxb7 Bxb7 12. Nb5 Ne8 13. Ng5 e4 14. Ne6 Qf6 15. Nxg7 Qxa1 16. Ne6 Qxa2 17. Nxf8 Kxf8 18. Nxd6 Qa6 19. Bh6+ Ke7 20. Bg5+ Nf6 21. Bxf6+ Kxf6 22. Qd4+ Ke6 23. Rd1 Bc6 24. Qg7 Nd7 25. Qf7+ Ke5 26. Qe7# 1-0

[Event "SVK-chT2C 0506"]
[Site "Slovakia"]
[Date "2006.02.12"]
[Round "9.1"]
[White "Lisko, Frantisek"]
[Black "Durnik, Stefan"]
[Result "1-0"]
[WhiteElo "2308"]
[BlackElo "2076"]
[PlyCount "139"]
[EventDate "2005.10.22"]
[EventType "team-tourn"]
[EventRounds "11"]
[EventCountry "SVK"]
[SourceTitle "EXT 2009"]
[Source "ChessBase"]
[SourceDate "2008.11.26"]
[SourceVersion "1"]
[SourceVersionDate "2008.11.26"]
[SourceQuality "1"]

1. d4 c6 2. c4 f5 3. Nc3 Nf6 4. Nf3 d6 5. g3 Qc7 6. d5 g6 7. Bg2 Bg7 8. 0-0 0-0 9. Nd4 c5 10. Nc2 Nbd7 11. Rb1 a6 12. a4 Rb8 13. Na3 Ne5 14. Bd2 Bd7 15. Qc1 Rfe8 16. b3 b6 17. h3 Qc8 18. Kh2 Nf7 19. Qc2 Rf8 20. Rbe1 Re8 21. Qd1 Ne5 22. f4 Nf7 23. e4 Nxe4 24. Nxe4 fxe4 25. Rxe4 Bf6 26. Ree1 h5 27. Qf3 Nh6 28. Bc3 Bf5 29. Re3 Qd7 30. Rfe1 Kf7 31. Qe2 Ng8 32. Qf1 Bxc3 33. Rxc3 Nf6 34. Rce3 Qc7 35. Nb1 b5 36. axb5 axb5 37. cxb5 Qa5 38. Nc3 Qb4 39. Qe2 Rb7 40. Qc4 Bc2 41. Na2 Qxc4 42. bxc4 Ra8 43. Nc3 Bf5 44. Bf3 Ra3 45. Rg1 Rb3 46. g4 hxg4 47. hxg4 Bc8 48. Kg3 Rb4 49. Be2 Rb3 50. Kf3 e6 51. g5 exd5 52. Nxd5 Rxe3+ 53. Nxe3 Ng8 54. Rd1 Rb6 55. Kf2 Ne7 56. Bf3 Be6 57. Be4 Nf5 58. Bxf5 Bxf5 59. Kf3 Bc8 60. Nd5 Bb7 61. f5 gxf5 62. Kf4 Bxd5 63. Rxd5 Ke6 64. Rxf5 Rb8 65. Rf6+ Ke7 66. Ke4 Rh8 67. Kd5 Rh4 68. Re6+ Kf7 69. g6+ Kg7 70. Rxd6 1-0

[Event "SVK-chT2C 0506"]
[Site "Slovakia"]
[Date "2006.02.11"]
[Round "8.1"]
[White "Durnik, Stefan"]
[Black "Milovnik, Juraj"]
[Result "1/2-1/2"]
[WhiteElo "2076"]
[BlackElo "2126"]
[PlyCount "26"]
[EventDate "2005.10.22"]
[EventType "team-tourn"]
[EventRounds "11"]
[EventCountry "SVK"]
[SourceTitle "EXT 2009"]
[Source "ChessBase"]
[SourceDate "2008.11.26"]
[SourceVersion "1"]
[SourceVersionDate "2008.11.26"]
[SourceQuality "1"]

1. e4 e5 2. Nf3 Nf6 3. Nxe5 d6 4. Nf3 Nxe4 5. Nc3 Nxc3 6. dxc3 Be7 7. Bd3 Nc6 8. Bf4 Bg4 9. h3 Bh5 10. g4 Bg6 11. Qd2 Qd7 12. 0-0-0 0-0-0 13. Kb1 Rde8 1/2-1/2

[Event "SVK-chT2C 0506"]
[Site "Slovakia"]
[Date "2006.01.15"]
[Round "7.2"]
[White "Durnik, Stefan"]
[Black "Hrnciar, Roman"]
[Result "1/2-1/2"]
[WhiteElo "2076"]
[BlackElo "2095"]
[PlyCount "120"]
[EventDate "2005.10.22"]
[EventType "team-tourn"]
[EventRounds "11"]
[EventCountry "SVK"]
[SourceTitle "EXT 2009"]
[Source "ChessBase"]
[SourceDate "2008.11.26"]
[SourceVersion "1"]
[SourceVersionDate "2008.11.26"]
[SourceQuality "1"]

1. e4 c5 2. Nf3 Nc6 3. Bb5 d6 4. d4 cxd4 5. Qxd4 Bd7 6. Bxc6 Bxc6 7. Nc3 Nf6 8. Bg5 e6 9. 0-0-0 Be7 10. Rhe1 0-0 11. Qd2 Qa5 12. Kb1 Rfd8 13. Nd4 Qc7 14. f3 a6 15. g4 Rac8 16. h4 b5 17. Nxc6 Qxc6 18. Ne2 Rc7 19. Nd4 Qd7 20. Qg2 Ne8 21. Rh1 Rdc8 22. Rd2 Bf6 23. Bxf6 Nxf6 24. h5 Qe7 25. g5 Nd7 26. g6 fxg6 27. hxg6 h6 28. Qg4 Ne5 29. Qg3 Nc4 30. Re2 Qf6 31. Rd1 b4 32. f4 e5 33. fxe5 Qxe5 34. Qxe5 dxe5 35. Nf5 Re8 36. Rg2 Rf8 37. Rg3 Nb6 38. Rgd3 a5 39. Rd6 Rb7 40. Re6 Nc4 41. Rc6 Nb6 42. Rcd6 Rbb8 43. Re6 Rbd8 44. Rxd8 Rxd8 45. Kc1 Nd7 46. Re7 Nf8 47. Rxg7+ Kh8 48. Ra7 Nxg6 49. Nxh6 Rd4 50. Nf7+ Kg8 51. Ng5 Nf4 52. c3 bxc3 53. bxc3 Ra4 54. Kb2 Nd3+ 55. Kb1 Nc5 56. Kb2 Nd3+ 57. Kc2 Nc5 58. Kb1 Kf8 59. Kb2 Nd3+ 60. Kb3 Nc5+ 1/2-1/2

[Event "SVK-chT"]
[Site "Slovakia"]
[Date "1994.??.??"]
[Round "10"]
[White "Durnik, Stefan"]
[Black "Certek, Pavel"]
[Result "1/2-1/2"]
[WhiteElo "2165"]
[BlackElo "2290"]
[PlyCount "148"]
[EventDate "1994.??.??"]
[EventType "team"]
[EventRounds "13"]
[EventCountry "SVK"]
[SourceTitle "TD"]
[Source "ChessBase"]
[SourceDate "1994.03.01"]
[SourceVersion "1"]
[SourceVersionDate "1994.03.01"]
[SourceQuality "1"]

1. e4 c5 2. Nf3 Nc6 3. Bb5 g6 4. 0-0 Bg7 5. Re1 Nf6 6. e5 Nd5 7. Nc3 Nc7 8. Bxc6 dxc6 9. Ne4 b6 10. Nf6+ Kf8 11. Ne4 Bg4 12. Neg5 Qd5 13. h3 Bxf3 14. Nxf3 Ne6 15. d3 Rd8 16. Qe2 h6 17. a4 Kg8 18. a5 b5 19. h4 Kh7 20. g3 a6 21. b3 Rhe8 22. Bb2 f5 23. exf6 exf6 24. Qe4 f5 25. Qxd5 cxd5 26. Bxg7 Kxg7 27. Re5 Nd4 28. Nxd4 Rxe5 29. Nc6 Rde8 30. Nxe5 Rxe5 31. Kf1 Kf6 32. f4 Re3 33. Kf2 d4 34. b4 cxb4 35. Rb1 Ke6 36. Rxb4 Kd5 37. Rb1 Re6 38. h5 g5 39. fxg5 hxg5 40. Rh1 Rh6 41. g4 Ke5 42. Kf3 Rh7 43. Re1+ Kf6 44. Re8 fxg4+ 45. Kxg4 Rc7 46. h6 Kg6 47. Re6+ Kh7 48. Kxg5 Rxc2 49. Rxa6 Rc5+ 50. Kf4 b4 51. Ke4 Rb5 52. Rb6 Rxa5 53. Kxd4 Ra8 54. Kc4 Rc8+ 55. Kxb4 Rd8 56. Kc3 Rc8+ 57. Kb4 Rd8 58. Kc4 Rc8+ 59. Kd5 Rc1 60. d4 Kg8 61. Kd6 Rh1 62. Kd7 Rh5 63. Rd6 Kf7 64. d5 Rh1 65. Re6 Ra1 66. h7 Ra7+ 67. Kd6 Ra6+ 68. Ke5 Ra8 69. Rd6 Re8+ 70. Kf5 Kg7 71. Rd7+ Kh8 72. d6 Rf8+ 73. Ke6 Rf6+ 74. Ke7 Re6+ 1/2-1/2